Statistiques concernant Les titres des Casseurs Flowters

Cliquez ici pour prendre le quiz!

Statistiques générales

  • Ce quiz a été pris 160 fois
  • Le résultat moyen est 19 sur 36

Statistiques - réponses

Réponse% Correct
Inachevés
86%
15h02 - Regarde comme il fait beau (dehors)
85%
18h30 - Bloqué
80%
01h16 - Les putes et moi
71%
16h22 - Deux connards dans un abribus
71%
À l’heure où je me couche
71%
06h16 - Des histoires à raconter
70%
19h26 - La mort du disque
69%
22h31 - Fais les backs
67%
Si facile
67%
J’essaye, j’essaye
63%
01h47 - Change de Pote
62%
03h53 - Manger c'est tricher
61%
Wondercash
59%
Quand ton père t’engueule
51%
15h45 - Stupide ¡ Stupide ¡ Stupide ¡
50%
16h00 - Tu m'dois d'l'oseille
50%
Le mal est fait
50%
Pas n’importe quel toon
50%
Xavier (feat. Diamond Deuklo)
50%
04h41 - Greenje et Orselane
48%
17h04 - Prends des pièces
48%
01h25 - Johnny Galoche
44%
C’est toujours 2 connards dans un Abribus
44%
Freestyle Radio Phoenix
44%
20h13 - La nouvelle paire
40%
20h08 - Dans la place pour être
38%
En boucle
38%
14h58 - Casseurs Flowters Opening
37%
Nouvelle journée
33%
01h14 - Couplet de Claude (Interlude)
31%
Quand on descend vers le centre
31%
Faut qu’on rentre bosser
29%
On est resté à l’hôtel
27%
Promenade imprévue
27%
Au bout du compte (feat. Akhenaton & Wiley)
24%

Distribution des résultats

Percentile par nombre de réponses

% des personnes avec chaque résultat

Votre développement - résultats

Vous n’avez pas pris ce quiz